000 00312nam a22001457a 4500
003 SGT
020 _a9788123907215
082 _a618.97
_bA16P
100 _aPANDA, UN
245 _aAN INTRODUCTION TO GERIATRICS
260 _aINDIA
_bCBS PUB
_c2016
300 _a192
650 _aGERIATRICS
942 _2ddc
_cBK
999 _c30445
_d30445